Obálka Náhled e-knihy:
PDF Epub
Pro půjčování e-knih musíte být přihlášeni.
Jak si půjčit online?

Husitská trilogie. Kniha druhá, Boží bojovníci /

Pokračování historicko-fantastického románu Narrenturm se tentokrát odehrává především v husitských Čechách.

Uloženo v:
Série:Husitská trilogie, část 2
Hlavní autor: Sapkowski, Andrzej, 1948- (Autor)
Další autoři: Komárek, Stanislav, 1960- (Autor)
Médium: E-kniha
Jazyk:Czech
Vydáno: Petřvald : Leonardo, 2021
Vydání:Vydání třetí
Témata:
Příbuzné jednotky:Z cyklu:: Husitská trilogie
Tagy:
Žádné tagy
LEADER 02491nam a2200481 i 4500
001 311570
003 CZ PrSKC
005 20260601215707.0
007 ta
008 220202s2021 xr g 000 f cze
015 |a cnb003395481 
020 |a 9788074770715  |q (vázáno) :  |c Kč 549,00 
035 |a (OCoLC)1344360230 
040 |a ABG001  |b cze  |d ABA001  |e rda 
041 1 |a cze  |h pol 
072 7 |a 821.162.1  |x Polská literatura  |2 Konspekt 
080 |a 821.162.1-31  |2 MRF 
080 |a (0:82-311.6)  |2 MRF 
080 |a (0:82-312.9)  |2 MRF 
100 1 |a Sapkowski, Andrzej,  |d 1948-  |7 jn20000604794  |4 aut 
240 1 0 |a Boży bojownicy.  |l Česky  |7 aun20221160741 
245 1 0 |a Husitská trilogie.  |n Kniha druhá,  |p Boží bojovníci /  |c Andrzej Sapkowski ; z polského originálu Boży bojownicy ... přeložil Stanislav Komárek 
246 3 0 |a Boží bojovníci 
250 |a Vydání třetí 
264 1 |a Petřvald :  |b Leonardo,  |c 2021 
300 |a 586 stran ;  |c 21 cm 
336 |a text  |b txt  |2 rdacontent 
337 |a bez média  |b n  |2 rdamedia 
338 |a svazek  |b nc  |2 rdacarrier 
520 2 |a Pokračování historicko-fantastického románu Narrenturm se tentokrát odehrává především v husitských Čechách.  |b Hlavní hrdinové fantasy románu Reynevan a Samson si pohodlně žijí v Praze. Jednoho dne jsou však vysláni zpět do jámy lvové s velmi důležitým posláním. Slezsko není zrovna místo, kde by bylo našim hrdinům bezpečno, přesto se musí vrátit. Velká část dobrodružného děje se odehrává na našem území, hlavně v Praze a okolí a v severozápadních Čechách. 
655 7 |a polské romány  |7 fd133084  |2 czenas 
655 7 |a historické romány  |7 fd132414  |2 czenas 
655 7 |a fantasy romány  |7 fd184199  |2 czenas 
655 9 |a Polish fiction  |2 eczenas 
655 9 |a historical novels  |2 eczenas 
655 9 |a fantasy novels  |2 eczenas 
700 1 |a Komárek, Stanislav,  |d 1960-  |7 jx20050105011  |4 trl 
787 0 8 |i Z cyklu:  |t Husitská trilogie  |g 2 
900 |a ABA001  |b 20 
044 |a xr 
910 |a RBIT002 
998 |d 352418  |a https://core.palmknihy.cz/api/books/352418/cover?rbrru9  |b https://core.palmknihy.cz/api/books/352418/cover/400?rbrru9  |c https://core.palmknihy.cz/api/books/352418/cover/50?rbrru9  |e   |g 586  |i 9788074770715  |j https://core.palmknihy.cz/api/books/352418/preview.epub  |k https://core.palmknihy.cz/api/books/352418/preview.pdf  |l   |q 49  |r 1  |s https://www.palmknihy.cz/kniha/352418  |t ebook  |y 2022  |z 0  |v Husitská trilogie   |w 2 
999 |d 311568